Statistics for Dave Matthews Band Trivia

Click here to take the quiz!

General Stats

  • This quiz has been taken 14 times
  • The average score is 17 of 20

Answer Stats

Hint Answer % Correct
1Lead singer/GuitarDave Matthews
100%
10#1's native countrySouth Africa
100%
3Bass GuitarStefan Lessard
100%
5Original Saxophone (deceased)LeRoi Moore
100%
12Year the band formed1991
100%
2DrumsCarter Beauford
100%
17#1's twin daughter ("____ is Gone")Grace
90%
16#1's sister (The Song that ____ Likes)Jane
90%
20Dylan/Hendrix song frequently covered at live showsAll Along the Watchtower
90%
7Guitar (frequent collaborator, touring member)Tim Reynolds
90%
4(Former) ViolinBoyd Tinsley
90%
13First full studio albumUnder the Table and Dreaming
80%
15Name of official fan club (also a song title)Warehouse
80%
18#1's twin daughter ("____ said daddy when you gonna put me in a song?")Stella
80%
8TrumpetRashawn Ross
70%
6Saxophone (2008-current)Jeff Coffin
70%
11DMB was formed in? (city)Charlottesville, VA
70%
14Producer of first 3 studio albumsSteve Lillywhite
60%
19Series of live releases (named after former club in #11)Live Trax
60%
9Keyboards (early 90's)Peter Griesar
40%

Score Distribution

Percentile by Number Answered

Percent of People with Each Score

Your Score History

You have not taken this quiz